<?xml version="1.0" encoding="UTF-8"?>
<record
    xmlns:xsi="http://www.w3.org/2001/XMLSchema-instance"
    xsi:schemaLocation="http://www.loc.gov/MARC21/slim http://www.loc.gov/standards/marcxml/schema/MARC21slim.xsd"
    xmlns="http://www.loc.gov/MARC21/slim">

  <leader>02987nam a2200361   4500</leader>
  <controlfield tag="001">84</controlfield>
  <controlfield tag="003">OSt</controlfield>
  <controlfield tag="005">20250528074011.0</controlfield>
  <controlfield tag="008">250123b        |||||||d |||| 00| 1 eng d</controlfield>
  <datafield tag="020" ind1=" " ind2=" ">
    <subfield code="a">850162901</subfield>
  </datafield>
  <datafield tag="040" ind1=" " ind2=" ">
    <subfield code="b">por</subfield>
  </datafield>
  <datafield tag="041" ind1=" " ind2=" ">
    <subfield code="h">eng</subfield>
    <subfield code="a">por</subfield>
  </datafield>
  <datafield tag="082" ind1=" " ind2=" ">
    <subfield code="a">028.5</subfield>
    <subfield code="b">C116d</subfield>
  </datafield>
  <datafield tag="100" ind1="1" ind2=" ">
    <subfield code="a">Cabot, Meg,</subfield>
    <subfield code="d">1967-</subfield>
    <subfield code="9">199</subfield>
  </datafield>
  <datafield tag="240" ind1=" " ind2=" ">
    <subfield code="a">The Princess Diaries</subfield>
  </datafield>
  <datafield tag="245" ind1=" " ind2=" ">
    <subfield code="a">O di&#xE1;rio da princesa /</subfield>
    <subfield code="c">Cabot, Meg ; Tradu&#xE7;&#xE3;o de Ruy Jungmann</subfield>
  </datafield>
  <datafield tag="250" ind1=" " ind2=" ">
    <subfield code="a">14&#xB0; edi&#xE7;&#xE3;o</subfield>
  </datafield>
  <datafield tag="260" ind1=" " ind2=" ">
    <subfield code="a">Rio de Janeiro</subfield>
    <subfield code="b">Record</subfield>
    <subfield code="c">2004</subfield>
  </datafield>
  <datafield tag="300" ind1=" " ind2=" ">
    <subfield code="a">284 p.</subfield>
  </datafield>
  <datafield tag="490" ind1="1" ind2=" ">
    <subfield code="a">O di&#xE1;rio da Princesa</subfield>
    <subfield code="v">Livro 01</subfield>
  </datafield>
  <datafield tag="500" ind1=" " ind2=" ">
    <subfield code="a">O di&#xE1;rio da princesa</subfield>
  </datafield>
  <datafield tag="520" ind1=" " ind2=" ">
    <subfield code="a">Adaptado para o cinema pelos Est&#xFA;dios Disney, O di&#xE1;rio da princesa, de Meg Cabot, &#xE9; a hist&#xF3;ria de Mia Thermopolis &#x2014; uma t&#xED;pica adolescente americana que recebe uma not&#xED;cia que vira sua vida de ponta cabe&#xE7;a.

Mia sabe que &#xE9; fruto de um caso que sua m&#xE3;e teve h&#xE1; muitos anos e s&#xF3; v&#xEA; o pai nas f&#xE9;rias e no Natal. At&#xE9; que um dia ele descobre que n&#xE3;o pode mais ter filhos. Nada surpreendente se n&#xE3;o fosse por um detalhe: Mia descobre que seu pai &#xE9; um pr&#xED;ncipe. Ou seja, de uma hora para outra a jovem &#xE9; a &#xFA;nica herdeira do trono da Genovia. Sendo uma princesa e na verdade se chamando Amelia Mignonette Grimaldi Thermopolis Renaldo, a vida de Mia muda completamente. Ela passa a ser abordada por paparazzis que invadem seu col&#xE9;gio para fotograf&#xE1;-la e como num passe de m&#xE1;gica ela &#xE9; popular. Mas, ainda longe de ser uma Cinderela, a jovem se v&#xEA; obrigada a deixar sua cidade, seu col&#xE9;gio e ainda por cima, ter aulas de boas maneiras com sua av&#xF3;, uma europ&#xE9;ia tradicional. Se o sonho de muitas meninas da idade de Mia &#xE9; ser uma princesa, para ela isso pode virar um verdadeiro pesadelo.O di&#xE1;rio da princesa s&#xE3;o lembran&#xE7;as de qualquer adolescente da idade de Mia. Ela vive em Nova York, em Greenwich Village, com a m&#xE3;e, uma pintora de sucesso que de uma hora para outra come&#xE7;a a namorar seu professor de &#xE1;lgebra &#x2014; um verdadeiro mico perante a turma. Mia &#xE9; desajeitada, tem os p&#xE9;s enormes e diferente da maioria das amigas parece uma t&#xE1;bua de passar roupas. Sua melhor amiga, Lilly, &#xE9; feiosa e comanda um programa de televis&#xE3;o no canal do col&#xE9;gio. Os sonhos mais quentes de seu di&#xE1;rio se resumem em beijar Josh Richter &#x2014; o garoto mais popular do col&#xE9;gio. A hero&#xED;na de O di&#xE1;rio da princesa ir&#xE1; conquistar os cora&#xE7;&#xF5;es de todas as adolescentes ao redor do mundo que um dia sonharam em usar uma coroa cravejada de brilhantes.

O livro de Meg Cabot &#xE9; delicioso e divertido, repleto de refer&#xEA;ncias a cultura pop americana. Para jovens, ser&#xE1; como ler o di&#xE1;rio de uma grande amiga.</subfield>
  </datafield>
  <datafield tag="650" ind1=" " ind2="0">
    <subfield code="a">Literatura Americana</subfield>
    <subfield code="9">84</subfield>
  </datafield>
  <datafield tag="650" ind1=" " ind2="0">
    <subfield code="a">Humor</subfield>
    <subfield code="9">60</subfield>
  </datafield>
  <datafield tag="650" ind1=" " ind2="0">
    <subfield code="a">Amor e Paix&#xE3;o</subfield>
    <subfield code="9">25</subfield>
  </datafield>
  <datafield tag="650" ind1=" " ind2="0">
    <subfield code="a">Infantojuvenil</subfield>
    <subfield code="9">200</subfield>
  </datafield>
  <datafield tag="650" ind1=" " ind2="0">
    <subfield code="a">Filme</subfield>
    <subfield code="9">26</subfield>
  </datafield>
  <datafield tag="655" ind1=" " ind2="0">
    <subfield code="a">Romance</subfield>
    <subfield code="9">23</subfield>
  </datafield>
  <datafield tag="655" ind1=" " ind2="0">
    <subfield code="a">Fic&#xE7;&#xE3;o </subfield>
    <subfield code="9">22</subfield>
  </datafield>
  <datafield tag="700" ind1=" " ind2=" ">
    <subfield code="a">Ruy Jungmann</subfield>
    <subfield code="e">Tradutor</subfield>
    <subfield code="9">107</subfield>
  </datafield>
  <datafield tag="830" ind1=" " ind2=" ">
    <subfield code="a">O di&#xE1;rio da princesa</subfield>
    <subfield code="v">Livro 01</subfield>
    <subfield code="9">201</subfield>
  </datafield>
  <datafield tag="942" ind1=" " ind2=" ">
    <subfield code="2">ddc</subfield>
    <subfield code="n">0</subfield>
    <subfield code="c">BK</subfield>
  </datafield>
  <datafield tag="952" ind1=" " ind2=" ">
    <subfield code="0">0</subfield>
    <subfield code="1">0</subfield>
    <subfield code="2">ddc</subfield>
    <subfield code="3">vol. 01</subfield>
    <subfield code="4">0</subfield>
    <subfield code="7">0</subfield>
    <subfield code="8">FIC</subfield>
    <subfield code="a">BIBIB</subfield>
    <subfield code="b">BIBIB</subfield>
    <subfield code="c">IJ</subfield>
    <subfield code="d">2022-03-30</subfield>
    <subfield code="e">doa&#xE7;&#xE3;o</subfield>
    <subfield code="l">0</subfield>
    <subfield code="o">IJ 028.5 / C116d</subfield>
    <subfield code="p">2025-16589</subfield>
    <subfield code="r">2025-01-23 08:06:13</subfield>
    <subfield code="w">2025-01-23</subfield>
    <subfield code="y">BK</subfield>
  </datafield>
  <datafield tag="999" ind1=" " ind2=" ">
    <subfield code="c">84</subfield>
    <subfield code="d">84</subfield>
  </datafield>
</record>
